000 00519nam a22001697a 4500
003 NUST - PNEC
005 20170116180951.0
008 150908b xxu||||| |||| 00| 0 eng d
020 _a0070423105
040 _cLIBRARY
082 _a621.381 MIL
100 _99170
_aMillman, Jacob
245 _aElectronic fundamentals and applications : for engineers and scientists
_cJacob Millman and Christos C. Halkias
260 _cc.1976
650 _99168
_aDigital electronics,Integrated circuits
_xEE,EL
942 _2ddc
_cBK
999 _c66438
_d66438